LEADER 02134nam0 22004693i 450 001 VAN0208114 005 20230609090351.84 017 70$2N$a9783662555828 100 $a20210823d2018 |0itac50 ba 101 $aeng 102 $aDE 105 $a|||| ||||| 200 1 $aˆThe ‰NMR Probe of High-Tc Materials and Correlated Electron Systems$fRussell E. Walstedt 205 $a2. ed 210 $aBerlin$aHeidelberg$cSpringer$d2018 215 $axiii, 323 p.$cill.$d24 cm 410 1$1001VAN0132795$12001 $aSpringer Tracts in Modern Physics$1210 $aBerlin [etc.]$cSpringer$v276 500 1$3VAN0208115$aˆThe ‰NMR Probe of High-Tc Materials and Correlated Electron Systems$91864280 606 $a82-XX$xStatistical mechanics, structure of matter [MSC 2020]$3VANC021931$2MF 606 $a80-XX$xClassical thermodynamics, heat transfer [MSC 2020]$3VANC022357$2MF 606 $a00A79 (77-XX)$xPhysics [MSC 2020]$3VANC023182$2MF 610 $aActinide Oxide$9KW:K 610 $aCuprate Superconductors$9KW:K 610 $aDynamic Susceptibility NMR$9KW:K 610 $aHeavy Fermion System$9KW:K 610 $aHigh Temperature Superconductivity$9KW:K 610 $aIntermetallic Compound$9KW:K 610 $aNMR Superconductors$9KW:K 610 $aNeutron Scattering Superconductors$9KW:K 610 $aNuclear Magnetic Resonance (NMR)$9KW:K 610 $aQuantum Critical Points$9KW:K 620 $dBerlin$3VANL000066 620 $aDE$dHeidelberg$3VANL000282 700 1$aWalstedt$bRussell E.$3VANV180075$0833843 801 $aIT$bSOL$c20230616$gRICA 856 4 $uhttp://doi.org/10.1007/978-3-662-55582-8$zE-book ? Accesso al full-text attraverso riconoscimento IP di Ateneo, proxy e/o Shibboleth 899 $aBIBLIOTECA DEL DIPARTIMENTO DI MATEMATICA E FISICA$1IT-CE0120$2VAN08 912 $fN 912 $aVAN0208114 950 $aBIBLIOTECA DEL DIPARTIMENTO DI MATEMATICA E FISICA$d08CONS e-book 3428 $e08eMF3428 20210823 996 $aNMR Probe of High-Tc Materials and Correlated Electron Systems$91864280 997 $aUNICAMPANIA LEADER 01606nam0 22003253i 450 001 VAN0265020 005 20231018023725.738 010 $a978-88-13-37253-8 100 $a20231018d2020 |0itac50 ba 101 $aita 102 $aIT 105 $a|||| ||||| 200 1 $aˆ2: ‰Formulario notarile commentato. Tomo 2, Atti tra vivi$fCarlo Carbone 205 $a2. ed 210 $aMilano$cWolters Kluwer ; [Padova]$cCEDAM$d2020 215 $aXXXIII, 1154-4156 p.$d25 cm$e1 CD-ROM 330 $aTutte le formule sono precedute da una premessa illustrativa dell'istituto, con cenni dottrinari e giurisprudenziali, con riferimento particolare ad aspetti incidenti sulla tecnica redazionale e alle valutazioni che il Notaio compie. Alla fine di ogni formula, è indicato il regime tributario dell'atto, in alcuni casi con rinvii alla parte speciale per la più ampia esposizione. 410 1$1001VAN0264962$12001 $aSerie operativa$fa cura di Lodovico Genghini$v2.2 620 $dPadova$3VANL000007 620 $dMilano$3VANL000284 676 $a347.4$v21 700 1$aCarbone$bCarlo$3VANV218473$0222137 712 $aCEDAM $3VANV111515$4650 712 $aWolters Kluwer $3VANV112727$4650 801 $aIT$bSOL$c20231020$gRICA 899 $aBIBLIOTECA DEL DIPARTIMENTO DI ECONOMIA$1IT-CE0106$2VAN03 912 $aVAN0265020 950 $aBIBLIOTECA DEL DIPARTIMENTO DI ECONOMIA$d03PREST IVBf24(2.2) $e03 34314 20231018 996 $aFormulario notarile commentato. Tomo 2, Atti tra vivi$93569440 997 $aUNICAMPANIA